| Tag |
First Indicator |
Second Indicator |
Subfields |
| LEADER |
00000cam a2200000Ma 4500 |
| 001 |
in00002781445 |
| 006 |
m o d |
| 007 |
cr cn||||||||| |
| 008 |
120807s2012 ne a obf 001 0 eng d |
| 005 |
20250816205838.5 |
| 020 |
|
|
|a 9780124159853 (electronic bk.)
|
| 020 |
|
|
|a 0124159850 (electronic bk.)
|
| 020 |
|
|
|z 9780124159204
|
| 035 |
|
|
|a (OCoLC)ocn808344121
|
| 035 |
|
|
|a (NhCcYBP)ebr10582138
|
| 035 |
|
|
|a (OCoLC)808344121
|
| 040 |
|
|
|a E7B
|c E7B
|d OCLCO
|d N$T
|d YDXCP
|d OCLCQ
|d TXA
|d UtOrBLW
|
| 049 |
|
|
|a TXAM
|
| 050 |
|
4 |
|a QK725
|b .S64 2012eb
|
| 072 |
|
7 |
|a SCI
|x 056000
|2 bisacsh
|
| 082 |
0 |
4 |
|a 571.5/382/078
|2 21
|
| 100 |
1 |
|
|a Smith, Roberta H.
|
| 245 |
1 |
0 |
|a Plant tissue culture :
|b techniques and experiments /
|c Roberta H. Smith.
|
| 250 |
|
|
|a 3rd ed.
|
| 264 |
|
1 |
|a Amsterdam ;
|a Boston :
|b Elsevier/AP,
|c 2012.
|
| 300 |
|
|
|a 1 online resource (xvi, 188 pages :) :
|b illustrations
|
| 336 |
|
|
|a text
|b txt
|2 rdacontent
|
| 337 |
|
|
|a computer
|b c
|2 rdamedia
|
| 338 |
|
|
|a online resource
|b cr
|2 rdacarrier
|
| 504 |
|
|
|a Includes bibliographical references and index.
|
| 500 |
|
|
|a Electronic resource.
|
| 650 |
|
0 |
|a Plant tissue culture
|v Laboratory manuals.
|
| 650 |
|
0 |
|a Tissue culture.
|
| 650 |
|
7 |
|a SCIENCE / Life Sciences / Anatomy & Physiology.
|2 bisacsh
|
| 655 |
|
7 |
|a Electronic books.
|2 local
|
| 710 |
2 |
|
|a ebrary, Inc.
|
| 856 |
4 |
0 |
|u https://ebookcentral.proquest.com/lib/tamucs/detail.action?docID=974386
|y Connect to the full text of this electronic book
|t 0
|
| 948 |
|
|
|a cataloged
|b h
|c 2013/12/5
|d c
|e jlanham
|f 10:30:29 am
|
| 994 |
|
|
|a C0
|b TXA
|
| 999 |
f |
f |
|s 82fd78e4-5a03-3161-96bb-96d7096238d0
|i 31e4ae89-86f3-32ec-8976-19ecde382511
|t 0
|
| 999 |
|
|
|a MARS
|
| 952 |
f |
f |
|a Texas A&M University
|b College Station
|c Electronic Resources
|d Available Online
|t 0
|e QK725 .S64 2012eb
|h Library of Congress classification
|
| 998 |
f |
f |
|a QK725 .S64 2012eb
|t 0
|l Available Online
|